000 00773nam a2200205 a 4500
001 000031526
003 DO-SdBNP
005 20220825144324.0
007 ta
008 110523q195u dr 000 | spa d
040 _aDO-SdBNP
_bspa
_cBNPHU
082 _axxx
_bxxx
110 1 0 _aRepública Dominicana.
_bPresidente (1942-1952 : Trujillo Molina)
_957164
245 1 0 _aDiscurso pronunciado por el generalísimo Dr. Rafael L. Trujillo Molina, Presidente de la República, ante el Congreso Nacional, reunido en la benemérita ciudad de San Cristóbal, el día 27 de febrero de 1952. /
260 _aCiudad Trujillo, República Dominicana :
_b[s. n.],
_c[1952].
300 _a20 p. ;
_c23 cm.
590 _aInventariado, 2022/ YL
910 _aYLockward
942 _2ddc
_cLF2
999 _c31018
_d31018